Pd(II)-katalyzované cyklizácie homoalylalkoholov bakalárska práca

Gespeichert in:
Bibliographische Detailangaben
1. Verfasser: Staroňová, Lucia
Format: Buch
Sprache:Slowakisch
Veröffentlicht: Bratislava STU FCHPT 2016
Online-Zugang:Im OPAC anzeigen
Tags: Tag hinzufügen
Keine Tags, Fügen Sie das erste Tag hinzu!

MARC

LEADER 00000nam a2200000 a 4500
005 20260127134236.0
008 161010 2016 000 0 slo d
035 |a vtls011585101 
039 9 |y 201610101308  |z mschk03 
040 |a STUSCHK1  |b slo  |c STUSCHK1  |e AACR2 
100 1 |a Staroňová, Lucia 
245 1 |a Pd(II)-katalyzované cyklizácie homoalylalkoholov  |b bakalárska práca  |c Lucia Staroňová 
260 |a Bratislava  |b STU FCHPT  |c 2016 
300 |a 43 s.  |b il.  |c 25 cm 
500 |a Študijný program: chémia, medicínska chémia a chemické materiály 
500 |a Študijný odbor: chémia, chemické technológie 
500 |a Školiace pracovisko: Odd. organickej chémie 
500 |a Evid. číslo: FCHPT-13569-65144 
910 |a SCHK95 
999 |c 7613  |d 7613